| 000 | 00755nam a22002417a 4500 | ||
|---|---|---|---|
| 999 |
_c6283 _d6283 |
||
| 003 | AR-CdUCM | ||
| 008 | 190314b ||||| |||| 00| 0 spa d | ||
| 040 |
_aMUNICIPALIDAD PROVINCIAL DEL CUSCO _cBIBLIOTECA MUNICIPAL DEL CUSCO |
||
| 041 | _hper | ||
| 082 |
_a895.516 / _bK49 |
||
| 100 |
_aKhayyam, Omar _918039 |
||
| 245 | _aRubáiyát / | ||
| 260 |
_aBuenos Aires : _bSopena Argentina, _c1942. |
||
| 300 |
_a157 páginas ; _c23 cm. |
||
| 500 | _aDonación de la familia Nieto | ||
| 505 | _aContenido: Rubáiyát -- Rimas orientales -- La voz en el desierto. | ||
| 650 |
_aPoesía persa _918040 |
||
| 650 |
_aPersia _918041 |
||
| 650 |
_aSiglo XIX _9971 |
||
| 700 |
_aGonzales, Joaquin V. (versión) _918042 |
||
| 942 |
_2ddc _cLIBROS |
||
| 945 | _acmm | ||